| 000 | 00638nam a22001697a 4500 | ||
|---|---|---|---|
| 999 |
_c80972 _d80972 |
||
| 008 | 201130b ||||| |||| 00| 0 eng d | ||
| 040 |
_bger _cDE-2950 _erda _aDE-2950 |
||
| 041 | _ager | ||
| 245 |
_aBrücke wird abgerissen. _bSperrung: Bahnverkehr ist ab Mittwoch durch den Rückbau beeinträchtigt. / _cRed. |
||
| 653 | _aFrankfurt (Oder) | ||
| 653 | _aFußgängerbrücke "Am alten Wasserturm" | ||
| 773 |
_dFrankfurt (Oder): Märkisches Verlags- und Druckhaus GmbH & Co KG _g32. Jahrgang (2021) Nr. 94 vom 23.04.2021, S. 11 _tMärkische Oderzeitung |
||
| 942 | _cA | ||